| 000 | 00975na a2200289 4500 | ||
|---|---|---|---|
| 001 | 18548 | ||
| 003 | MIRAKIL | ||
| 005 | 20181213155038.0 | ||
| 008 | 161121b tu 000 0 | ||
| 040 |
_aMilas _btur _cTR-AnCHP |
||
| 041 | _atur | ||
| 082 |
_a338.9 _bB37y 1973 |
||
| 090 | _a338.9 B37y 1973 | ||
| 111 |
_aBeş Yıl _d1973-1977 _n3. |
||
| 245 |
_aÜçüncü beş yıl 1973-1977 _bYeni strateji ve kalkınma planı _cDevlet Planlama Teşkilatı (DPT) |
||
| 246 | _aYeni strateji ve kalkınma planı | ||
| 260 |
_aAnkara _bBaşbakanlık Basımevi _c1973 |
||
| 300 |
_a1048 s. _btbl.; _c23 sm. |
||
| 490 |
_aDPT _v1272 |
||
| 500 | _aÜçüncü beş yıl 1973-1977 | ||
| 610 |
_aDevlet Planlama Teşkilatı (DPT) _xKalkınma planları |
||
| 650 |
_aKalkınma planı _d1973-1977 |
||
| 651 |
_aTürkiye _xBeş yıllık kalkınma planları |
||
| 710 | _aDevlet Planlama Teşkilatı (DPT) | ||
| 830 | _aDevlet Planlama Teşkilatı Yayınları | ||
| 942 |
_2ddc _cBKS |
||
| 999 |
_c5514 _d5514 |
||